Quizzes
Events
Quiz Creation
Community
Videos
Private Events
Remove Ads
Sign In
Join for FREE
Feedback
Dark Mode
Quiz Categories
Sports
Geography
Music
Movies
Television
Just For Fun
Miscellaneous
History
Literature
Language
Science
Gaming
Entertainment
Religion
Holiday
For Kids
Quiz Lab
Recent
Popular Today
Quiz Kudos Today
Editor Picks
Curator Picks
Quizzes by...
Day
Popularity
Type
Ratings
Length
Year
Community
Subscriptions
Recent Discussions
Orange Saloon
Badges
Playlists
Quests
Create
Leaderboards
Showdown
Live 5
Trivia Bingo
Activity
Puzzle Library
Sporcle Events
Private Events
Virtual Trivia
Globe League
Become a Host
Pub Owners
SporcleCon
Opinionation
Our Games
Videos
Blog
Mobile Apps
Partnerships
Remove Ads and Go Orange
Feedback
Television
TV Characters
TV Show
Sitcom
Network
Friends
Reality Shows
Cast
South Park
Star Trek
The Simpsons
Doctor Who
Television
TV Characters
TV Show
Sitcom
Network
Friends
Reality Shows
Cast
South Park
Star Trek
The Simpsons
Doctor Who
Random Quiz
Search Sporcle
×
Quiz Lab
Quiz Lab
Television
TV Show
Type in answers that appear in a list
Type in answers that appear in a list
Classic
Best Score? Go Orange.
The Fosters ABC Family 1A Stats
Can you name the The Fosters ABC Family
By
danimals101
7m
20 Questions
1,585 Plays
1,585 Plays
1,585 Plays
Comments
Comments
Give Quiz Kudos
Give Quiz Kudos
-
- Ratings
hide this ad
Replay
Link that replays current quiz
Next Quiz
Link to next quiz in quiz playlist
You Got
0%
They Got
Avg Score
66%
Avg Friend Score
Upgrade to see
Score Distribution
Jump to the score distribution portion of the page
Score
0/20
Timer
07:00
0
Plays Today
Hint
Answer
% Correct
The name of Stef's ex-
husband and Brandon's father
Mike
93.8%
Brandon kissed who at the wedding of Stef and Lena
Callie
89.6%
The actor that plays Jesus Foster
Jake T. Austin
87.3%
The person that Callie has had a relationship with, and who Callie ran off with
Wyatt
87.1%
The name of Callie's younger brother
Jude
82.6%
The name of the girl who had a quinceanera in the epiode titled 'Quinceanera'
Mariana
80%
The actor that plays Callie Jacob
Maia Mitchell
77.9%
Brandon's talent
Plays piano
75.8%
The name of Mariana's best friend, and Jesus's girlfriend in the first part of season 1
Lexi
72.5%
The actor that plays Brandon Foster
David Lambert
67.9%
Hint
Answer
% Correct
The foster brother that sexually abused Callie
Liam
65.5%
The U.S. network that the show is on
ABC Family
60.9%
The state in which the show takes place
California
60.2%
The actor that plays Mariana Foster
Cierra Ramirez
57.5%
The place where Callie was in the pilot
juvie
56.2%
The name of Brandon's on-
off girlfriend
Talya
53.5%
The name of the theme song
Where You Belong
48.4%
The actor that plays Lena Foster
Sherri Saum
41.3%
The name of the girl who stays at the same foster house as Callie used to, a couple of years ago
Sarah
40.7%
The name of the tenth episode or the summer finale, in season 1
I do
30.4%
Quiz Playlist
Details
Report
Send in Message
Add To Playlist
Classic:
Type in answers that appear in a list
Last Updated: Feb 16, 2017
Quiz Scoreboard
CHALLENGE
Sign Up to Join the Scoreboard
Show All
Scores
Hide
Comments
May contain spoilers
Recently Published
NBA Finals Game Top Scorers (2010s)
by flibbidy
Sports
5m
Guess the 'R' Things in 3 Words
by MSUKent
Miscellaneous
3m
Actor to Badly Drawn Movie III
by MoMosMoProblems
Movies
5m
More to Explore
Quiz From the Vault
Featured Blog Post
Where Does Lost Luggage Go?
hide this ad
You Might Also Like...
Tags
TV Show Quiz
ABC Family
Family
Love
relationship
Television Stars
Today's Top Quizzes in Television
Browse Television
hide this ad
Today's Top Quizzes in TV Show
Browse TV Show
Top Contributed Quizzes in Television
1
Hidden Simpsons Character
2
First Name TV: Leading Men
3
Hidden Simpsons Character II
4
Hidden Simpsons Character III
5
First Name TV: Leading Women Drama
6
Hidden Simpsons Character IV
7
Hidden Simpsons Character V
8
Hidden Simpsons Character VI
9
Hidden Simpsons Character VII
10
Pick A Pair: Religious TV
Explore More
Trending Topics
Crossword
Disney
NBA
Harry Potter
Kpop
Anime
Marvel
Soccer
Pokémon
The Office
Puzzle
NFL
Song
WWE
Country
hide this ad
More By:
danimals101
Quiz
Plays
Rating
Category
Featured
Created
Pretty Little Liars Deaths
15,179
4.33
Television
May 25, 2014
Pretty Little Liars relationships
10,105
3.00
Television
Jun 6, 2013
Pretty Little Liars Hookups (UPDATED THROUGH SEASON 7)
7,150
4.50
Television
Jul 13, 2014
PLL TV Connections
3,574
3.75
Television
Jun 7, 2013
Glee Dating
2,373
3.00
Television
Jun 7, 2013
Go to Creator's Profile
Score Distribution
Quiz Creator Spotlight
danimals101
Follow
Send a Message
Quizzes Created
-
Created Quiz Play Count
-
More By This Creator
Popular Quizzes Today
1
Find the US States - No Outlines Minefield
2
Find the US States
3
The Countries of the World
4
10 Largest US States in Order
5
Find the Countries of Europe - No Outlines Minefield
6
US States
7
Guess the 'R' Things in 3 Words
8
NBA Finals Game Top Scorers (2010s)
More Television Quizzes
British TV Show / American TV Show
Published
Trending Quizzes
First Name TV: Leading Men
First Name TV: Leading Women Drama
Match the Book to the Film II
Pick A Pair: Religious TV
Match the Book to the Film VI
Recently Updated
Women's Final Four Teams by Year
bhenderson79
Presidents Quartet II
eogle
Anything But Clue(do)
eogle
Anything But Oceanian Capitals
eogle
Anything But 7
eogle
Anything But Thing
eogle
Word Ladder: February 29
pecheneg
Song Title Questions
pecheneg
Women's NCAA Tournament #1 Seeds
pecheneg
Celebrity Mug Shots
pecheneg
Trending Topics
Harry Potter
NBA
Disney
Marvel
Kpop
Crossword
Anime
WWE
Pokémon
Country
Puzzle
NFL
The Office
Soccer
Song
Your Account Isn't Verified!
In order to create a playlist on Sporcle, you need to verify the email address you used during registration. Go to your
Sporcle Settings
to finish the process.
Report this User
Report this user for behavior that violates our
Community Guidelines
.
Details:
Send Report
Go to the Sporcle.com Mobile Site →
Comments